Житие преподобного Лазаря, основателя Муромского монастыря

RUSMARC
00004749cac2a2200000 x 450
0012a6502fa-7d2f-490b-ac0e-325bbec3792e
00520160421114228.0
100##$a20160215l19131913k l0rusy0189 ca
1010#$arus
102##$aRU
2001#$aЖитие преподобного Лазаря, основателя Муромского монастыря
251##$cДело
105##$ay###
801#0$aRU
$bРГИА
$c20160215
$gRCR
801#1$aRU
$bГлавНИВЦ
$c20160215
$2rusmarc
801#2$aRU
$bПБ им. Б.Н. Ельцина
$c20160328
$gRCR
$2rusmarc
850##$aРГИА
852##$aРГИА
$eФедеральное казенное учреждение "Российский государственный исторический архив" (РГИА)
$j5136
937##$hРГИА
$d12201220
$aASBIBLIO_SCAN
215##$a16 с.
$d23х15 см
2101#$aМосква
$cТипо-литография Товарищества Владимир Чичерин
$d1913
1222#$ad
461#0$10012640edd5-2044-417d-b282-4ec02c959e00
$12001
$aДублетный фонд НСБ
$1251
$cФонд
$1852
$j0
462#0$100101f3c915-c163-4bd9-8823-fd1c871481a4
$12001
$aДублетный фонд Библиотеки
$vД. 5136
$1251
$cОпись
$1852
$j1
$lД
035##$a2a6502fa-7d2f-490b-ac0e-325bbec3792e
600#0$aЛазарь Муромский
$f1286 - 1391
$2prlib_sh
$3LIBNET\UAF\0000062619
605##$2acquisition_Prlib
$3DITM\AF\0000003834
$aНарод
$lколлекция
605##$2acquisition_prlib
$3LIBNET\UAF\0000061920
$aСинод в истории российской государственности
$lколлекция
6061#$2nlr_sh
$3RU\NLR\AUTH\66538
$aЖития святых русские
686##$2rubbk
$a86.372.24-3,8
$vLBC/M
686##$2rubbk
$a86.372.24-574.3
$vLBC/M
8564#$uhttp://www.prlib.ru/Lib/pages/item.aspx?itemid=137643
Формат отображения